000 00632nam a22001697a 4500
008 160303b xxu||||| |||| 00| 0 eng d
020 _a0-7914-2217-8
050 _aBL51.R3475 1994
100 _aReynolds, Frank E.(ed.)
_922707
245 _aReligion and practical reason
_bnew esays in the comparative philosophy of religions
_cFrank E. Reynolds and Tracy David (ed.)
260 _aAlbany
_bState University of New York Press
_c1994
300 _aix, 444p. ;
_c24cm.
650 _aReligion
_vPhilosophy
_xComparative studies
_922708
650 _aPhilosophy, Comparative
_91620
650 _aReason
_922709
942 _2lcc
_cMONOGRAPH
999 _c124297
_d124297